Easy World Capitals - Statistics

General Stats
  • This quiz has been taken 20 times
  • The average score is 12 of 14
Answer Stats
Hint Answer % Correct
France Paris
100%
Egypt Cairo
92%
United Kindom London
92%
Italy Rome
92%
China Beijing
85%
Germany Berlin
85%
Argentina Buenos Aires
85%
Ireland Dublin
85%
Mexico Mexico City
85%
Japan Tokyo
85%
Brazil Brasilia
77%
Spain Madrid
77%
Russia Moscow
77%
India New Delhi
77%
No matching quizzes found
Score Distribution
Percent of People with Each Score
Percentile by Number Answered
Your Score History
You have not taken this quiz